Reference manual for UGC examinations : (Record no. 155466)
[ view plain ]
| 000 -LEADER | |
|---|---|
| fixed length control field | 00815nam a22002417a 4500 |
| 003 - CONTROL NUMBER IDENTIFIER | |
| control field | dpl |
| 005 - DATE AND TIME OF LATEST TRANSACTION | |
| control field | 20180804152755.0 |
| 008 - FIXED-LENGTH DATA ELEMENTS--GENERAL INFORMATION | |
| fixed length control field | 180804b xxu||||| |||| 00| 0 eng d |
| 010 ## - LIBRARY OF CONGRESS CONTROL NUMBER | |
| LC control number | B-217833 |
| 020 ## - INTERNATIONAL STANDARD BOOK NUMBER | |
| International Standard Book Number | 8188583421 |
| Terms of availability | 775.00 |
| 035 ## - SYSTEM CONTROL NUMBER | |
| System control number | B-217833 |
| 037 ## - SOURCE OF ACQUISITION | |
| Stock number | BPPD/PUB |
| 040 ## - CATALOGING SOURCE | |
| Original cataloging agency | DPL |
| Language of cataloging | EN |
| Transcribing agency | 0 |
| 082 ## - DEWEY DECIMAL CLASSIFICATION NUMBER | |
| Classification number | 320 |
| Item number | REF |
| 245 ## - TITLE STATEMENT | |
| Title | Reference manual for UGC examinations : |
| Remainder of title | NET, SLET, JRF and other UPSC competitive tests Political Science / |
| 260 ## - PUBLICATION, DISTRIBUTION, ETC. (IMPRINT) | |
| Place of publication, distribution, etc | New Delhi |
| Name of publisher, distributor, etc | Reference Press |
| Date of publication, distribution, etc | 2004 |
| 270 ## - ADDRESS | |
| Address | 4831/24 Ansari Road Darya Ganj |
| City | New Delhi |
| Postal code | 110002 |
| 300 ## - PHYSICAL DESCRIPTION | |
| Extent | 410p |
| Other physical details | 24cm(Hb) |
| 650 ## - SUBJECT ADDED ENTRY--TOPICAL TERM | |
| Topical term or geographic name as entry element | Commerce -- Examinations -- Study guides. |
| 650 ## - SUBJECT ADDED ENTRY--TOPICAL TERM | |
| Topical term or geographic name as entry element | Commerce -- Examinations, questions, etc. |
| 650 ## - SUBJECT ADDED ENTRY--TOPICAL TERM | |
| Topical term or geographic name as entry element | Examinations -- India -- Study guides. |
| 942 ## - ADDED ENTRY ELEMENTS (KOHA) | |
| Source of classification or shelving scheme | Dewey Decimal Classification |
| Koha item type | English Books |
| Classification part | 320 |
| Call number suffix | REF |
| Withdrawn status | Lost status | Source of classification or shelving scheme | Damaged status | Not for loan | Collection code | Home library | Current library | Date acquired | Source of acquisition | Cost, normal purchase price | Total Checkouts | Total Renewals | Full call number | Barcode | Date last seen | Date checked out | Cost, replacement price | Price effective from | Koha item type |
|---|---|---|---|---|---|---|---|---|---|---|---|---|---|---|---|---|---|---|---|
| Dewey Decimal Classification | Non-fiction | Shahdara Branch | Shahdara Branch | 04/08/2018 | BPPD/PUB | 775.00 | 3 | 2 | 320 REF | B-217833 | 27/06/2025 | 13/06/2025 | 775.00 | 04/08/2018 | English Books |
